<?xml version="1.0" encoding="utf-8"?>
<?xml-stylesheet type='text/xsl' href='./oai2.xsl'?>
<OAI-PMH xmlns="http://www.openarchives.org/OAI/2.0/" xmlns:xsi="http://www.w3.org/2001/XMLSchema-instance" xsi:schemaLocation="http://www.openarchives.org/OAI/2.0/ http://www.openarchives.org/OAI/2.0/OAI-PMH.xsd">
  <responseDate>2026-06-06T04:14:42Z</responseDate>
  <request verb="GetRecord" metadataPrefix="marcxml" identifier="record_kuniweb_907984">https://kulturerbe.niedersachsen.de/oai</request>
  <GetRecord>
    <record>
      <header>
        <identifier>record_kuniweb_907984</identifier>
        <datestamp>2025-08-28T09:38:22Z</datestamp>
        <setSpec>slg0111</setSpec>
      </header>
      <metadata>
        <marc:record xmlns:marc="http://www.loc.gov/MARC21/slim" xsi:schemaLocation="http://www.loc.gov/MARC21/slim http://www.loc.gov/standards/marcxml/schema/MARC21slim.xsd">
          <marc:leader>12345nkm  22     uu 4500</marc:leader>
          <marc:controlfield tag="001">907984</marc:controlfield>
          <marc:controlfield tag="003">http://kuniweb.gbv.de</marc:controlfield>
          <marc:controlfield tag="005">2017-11-30T11:40:05</marc:controlfield>
          <marc:controlfield tag="008">|           ||||||||||||||||||||||</marc:controlfield>
          <marc:datafield tag="245" ind1="1" ind2="0">
            <marc:subfield code="a">Vergrößerung der Walkenrieder Gipsfabrik bei Walkenried, 1905</marc:subfield>
          </marc:datafield>
          <marc:datafield tag="710" ind1="2" ind2=" ">
            <marc:subfield code="a">Walkenrieder Gipsfabrik</marc:subfield>
            <marc:subfield code="e">AuftraggeberIn</marc:subfield>
          </marc:datafield>
          <marc:datafield tag="655" ind1=" " ind2="7">
            <marc:subfield code="a">Grafik</marc:subfield>
          </marc:datafield>
          <marc:datafield tag="046" ind1=" " ind2=" ">
            <marc:subfield code="k">1905-06-10</marc:subfield>
            <marc:subfield code="k">10.06.1905</marc:subfield>
          </marc:datafield>
          <marc:datafield tag="260" ind1=" " ind2=" ">
            <marc:subfield code="g">1905-06-10</marc:subfield>
            <marc:subfield code="g">10.06.1905</marc:subfield>
          </marc:datafield>
          <marc:datafield tag="520" ind1=" " ind2=" ">
            <marc:subfield code="a">Zeichnung – schwarz-weiß   
Herstellungsort – Königshütte, (Bad) Lauterberg

Auftraggeber und Standort: 
Walkenrieder Gipsfabrik Albrecht Meier &amp; Co., Walkenried

Information:
Zur Inventarnummer gehören zwei verschiedene Zeichnungen.

Anmerkung zum Auftraggeber:
Als sich 1864 mit dem Hütteneleven Albrecht Meier ein technisch wie auch wohl kaufmännisch versierter Gipshersteller in Walkenried niederließ, begann eine neue Ära der Gipsherstellung. Nachdem Albrecht Meier die Gipsbrennerei 1868 übertragen wurde, führte er im so genannten „Meier‘schen Ofen“ das Verfahren ein, dass der Gips nur noch durch die Brenngase erhitzt wurde und nicht mehr mit dem Brennmaterial direkt in Verbindung kam.
Hierdurch wurde die Gefahr des reduzierenden Brennens bei mangelhafter Luftzuführung eliminiert; der Brand war überdies gleichmäßiger.
Albrecht Meier machte auch Versuche mit ausschließlicher Verwendung von Gips im Hausbau und errichtete zu diesem Zweck u.a. die Villa auf dem Betriebsgrundstück.
Nachdem Albrecht Meier 1904 verstarb, erwarb Fritz Rode die Walkenrieder Gipsfabrik und erweiterte diese 1905 durch eine moderne Gipskocherei, 1906 durch eine Dampfmaschine, 1908 einen Gleisanschluss und 1925 durch den ersten Drehofen in der Südharzer Gipsindustrie. Ende der 1970er Jahre verkaufte sein Sohn die Gipsfabrik an die Firma Börgardts (Kutzhütte). Im Oktober 1979 wurden alle Produktionsgebäude der Walkenrieder Gipsfabrik nach über 225-jähriger Tradition abgerissen.
aus:
Historische Gipsverarbeitung - Karstwanderweg
https://www.karstwanderweg.de/kww043b.htm



 (Förderkreis Königshütte Bad Lauterberg e.V)

Maßstab: 1 zu 200

Literatur in Zusammenhang:
Reinboth, Fritz - Zur Gipsbrennerei und Gipsindustrie am Harz, Harz-Zeitschrift, 69. Jahrgang 2017 S. 98ff</marc:subfield>
          </marc:datafield>
          <marc:datafield tag="650" ind1="1" ind2=" ">
            <marc:subfield code="a">Gipsindustrie</marc:subfield>
          </marc:datafield>
          <marc:datafield tag="650" ind1="1" ind2=" ">
            <marc:subfield code="a">Grafik, Fotografie &gt; Zeichnung</marc:subfield>
          </marc:datafield>
          <marc:datafield tag="650" ind1="1" ind2=" ">
            <marc:subfield code="a">Industrie</marc:subfield>
          </marc:datafield>
          <marc:datafield tag="650" ind1="1" ind2=" ">
            <marc:subfield code="a">Walkenried (Osterode am Harz, Niedersachsen)</marc:subfield>
          </marc:datafield>
          <marc:datafield tag="773" ind1="0" ind2=" ">
            <marc:subfield code="t">Mühlen-, Gips- und sonstige Anlagen</marc:subfield>
          </marc:datafield>
          <marc:datafield tag="852" ind1=" " ind2=" ">
            <marc:subfield code="a">Industriedenkmal Königshütte Bad Lauterberg im Harz</marc:subfield>
          </marc:datafield>
          <marc:datafield tag="" ind1=" " ind2=" ">
            <marc:subfield code="a">Namensnennung - Nicht kommerziell - Keine Bearbeitungen 4.0 International (CC BY-NC-ND 4.0)</marc:subfield>
          </marc:datafield>
        </marc:record>
      </metadata>
    </record>
  </GetRecord>
</OAI-PMH>
